|
|
|
|
| LEADER |
00000nam0a2200000 4500 |
| 001 |
309483 |
| 005 |
20231102002208.0 |
| 035 |
|
|
|a (RuTPU)RU\TPU\book\334805
|
| 090 |
|
|
|a 309483
|
| 100 |
|
|
|a 20151113d1949 km y0rusy50 ca
|
| 101 |
0 |
|
|a rus
|
| 102 |
|
|
|a UA
|a RU
|
| 105 |
|
|
|a a z 001zy
|
| 200 |
1 |
|
|a Радиальные турбодетандеры. Теория и гидродинамический расчет
|f С. И. Циткин
|
| 210 |
|
|
|a Киев
|c Машгиз
|d 1949
|a Москва
|
| 215 |
|
|
|a 80 с.
|c ил.
|
| 320 |
|
|
|a Библиогр.: с. 80.
|
| 606 |
1 |
|
|a Турбодетандеры радиальные
|2 stltpush
|3 (RuTPU)RU\TPU\subj\62108
|9 79259
|
| 610 |
1 |
|
|a холодильные машины
|
| 610 |
1 |
|
|a холодильные установки
|
| 610 |
1 |
|
|a охлаждение
|
| 610 |
1 |
|
|a гидродинамика
|
| 610 |
1 |
|
|a расчеты
|
| 610 |
1 |
|
|a рабочее колесо
|
| 610 |
1 |
|
|a спиральные кожухи
|
| 610 |
1 |
|
|a направляющие аппараты
|
| 610 |
1 |
|
|a потери
|
| 610 |
1 |
|
|a теория
|
| 675 |
|
|
|a 621.592
|v 3
|
| 700 |
|
1 |
|a Циткин
|b С. И.
|
| 801 |
|
1 |
|a RU
|b 63413507
|c 20151113
|
| 801 |
|
2 |
|a RU
|b 63413507
|c 20151118
|g RCR
|
| 942 |
|
|
|c BK
|